Regional report (Record no. 81596)

MARC details
000 -LEADER
fixed length control field 00904cab a22001935a 4500
001 - CONTROL NUMBER
control field L147651
008 - FIXED-LENGTH DATA ELEMENTS--GENERAL INFORMATION
fixed length control field 090602e20090529xxkbdo f 000 0 eng d
035 ## - SYSTEM CONTROL NUMBER
System control number (Sirsi) u147651
041 0# - LANGUAGE CODE
Language code of text/sound track or separate title eng
100 1# - MAIN ENTRY--PERSONAL NAME
Personal name Shah, Aditi
245 00 - TITLE STATEMENT
Title Regional report
Remainder of title Sussex
260 ## - PUBLICATION, DISTRIBUTION, ETC.
Date of publication, distribution, etc. 2009
490 #0 - SERIES STATEMENT
Series statement Property Week
Volume/sequential designation 75(22) 29 May 2009, 59-65(4)
520 ## - SUMMARY, ETC.
Summary, etc. Surveys activity in the Sussex industrial, investment, leisure, office and retail property sectors. Looks at the bidding process to become the new owner of Gatwick airport and the plans for a second runway. Notes the impact of the decline in the airline and manufacturing industries on the Crawley industrial market. Comments on the benefits to retail landlords of delays to Crawley's town centre revamp. Tables. Map.
590 ## - LOCAL NOTE (RLIN)
Local note KA
651 #4 - SUBJECT ADDED ENTRY--GEOGRAPHIC NAME
Geographic name Sussex
Chronological subdivision 1888-
690 ## - LOCAL SUBJECT ADDED ENTRY--TOPICAL TERM (OCLC, RLIN)
Topical term or geographic name as entry element PROPERTY-COMMERCIAL PROPERTY-COMMERCIAL PROPERTY MARKET
942 ## - ADDED ENTRY ELEMENTS (KOHA)
Suppress in OPAC 0
Holdings
Withdrawn status Lost status Source of classification or shelving scheme Damaged status Not for loan Home library Current library Shelving location Date acquired Total Checkouts Full call number Barcode Date last seen Copy number Price effective from Koha item type
    Dewey Decimal Classification     London London Journal article 02/06/2009   L147651 147651-1001 06/08/2019 1 06/08/2019 Journal article